000 00297nam a2200109Ia 4500
008 160609s9999 xx 000 0 und d
100 _aRaine, Mary.
245 _aEditorial guidelines
245 _cMary Raine
260 _c2010
856 _uhttp://unesdoc.unesco.org/images/0018/001876/187637e.pdf
999 _c295688
_d295688